| 000 | 01277cam a22003254a 4500 | ||
|---|---|---|---|
| 999 |
_c23418 _d23418 |
||
| 001 | 15506184 | ||
| 003 | OSt | ||
| 005 | 20210226115812.0 | ||
| 008 | 081031s2007 ii b b 001 0 eng | ||
| 010 | _a 2008319612 | ||
| 020 | _a8190388738 | ||
| 020 | _a9788190388733 | ||
| 025 | _aI-E-2008-319612; 93-24; 69-90 | ||
| 037 |
_bLibrary of Congress -- New Delhi Overseas Office _cRs200.00 |
||
| 040 |
_aDLC _coclc |
||
| 042 | _alcode | ||
| 043 | _aa-ii--- | ||
| 050 | 0 | 0 |
_aLA1154.K4 _bM65 2007 |
| 082 |
_a371.828297 _bMOH/E |
||
| 100 |
_aMohammed, U _d1933- _92782 |
||
| 245 | 1 | 0 |
_aEducational Empowerment of Kerala Muslims : _bA Socio-historical Perspective / _cU Mohammed |
| 260 |
_aNew Delhi : _bIndian Council of Historical Research, _c2007. |
||
| 300 |
_a195 p. : _b1 map ; _c22 cm. |
||
| 500 | _a"A project approved by the Indian Council of Historical Research, New Delhi"--Half t.p. | ||
| 504 | _aIncludes bibliographical references (p. 160-169) and index. | ||
| 650 | 0 |
_aMuslims _xEducation _xGovernment policy _zIndia _zKerala. |
|
| 906 |
_a7 _bcbc _corigode _d3 _encip _f20 _gy-gencatlg |
||
| 942 |
_2ddc _cBK _h371.828297 _iMOH/E _k371.828297 _mMOH/E |
||